000 01170nam a2200265 i 4500
003 DO-SdBNP
005 20250527120121.0
007 ta
008 250527b2024 dr ||||| |||| 00| 0 spa d
020 _a9789945649253
040 _aDO-SdBNP
_bspa
_cBNPHU
_erda
082 _axxx
_bA174
_222
100 1 _aAcevedo, Esther
_d1990-
_eautora
_4aut.
_987887
245 1 0 _aMarcado con un propósito divino /
_cEsther Acevedo
264 1 _aSanto Domingo :
_bImpresora Printbarato,
_c2024.
300 _a36 páginas ;
_c22 cm.
336 _atexto
_btxt
_2rdacontent
337 _asin mediación
_bn
_2rdamedia
338 _avolumen
_bnc
_2rdacarrier
500 _aIncluye datos biografícos de la autora en la página 37.
520 _aQueridos lectores, este libro no tendrá muchas hijas pero si te puedo decir que será de edificación en tu vida, tanto espiritual como terrenal, dedícate a escudriñar cada hoja, y que puedas profundizar cada cita bíblica que están señaladas, y que cada palabra que leas aquí surjan efecto , así como marco un antes y después en mi vida, lo haga contigo.
590 _aInventariado, 2025/ YL
910 _aYLockward
942 _2ddc
_cLF2
999 _c58979
_d58979